000
00342nam a2200133Ia 4500
008
240719s9999 xx 000 0 und d
041
_a
eng
082
_a
200 DEB
100
_a
Debroy, Bibek
245
_a
Bhagavata Purana 2
260
_a
Haryana
_b
Penguin
_c
2018
300
_a
470.; P. 24 Cm
520
_a
Gifted By : IMT Faculty Dr. Pawan Jain
999
_c
41267
_d
41267